000 00299nam a22001337a 4500
008 171013b xxu||||| |||| 00| 0 eng d
020 _a9780521280013
041 _aeng
080 _a316
100 _a50
101 _aSOC
245 _aNATURE, CULTURE AND GENDER
_cMACCORMACK, C
942 _2udc
_cBK
999 _c33562
_d33562